Szczegóły MARC21

Inżynieria zarządzania : strategia i projektowanie systemów produkcyjnych. Cz. 1, Strategie organizacji i zarządzania produkcją /

003 -Nazwa inst., której nr kontr. jest w polu 001 [,]
    • @
    • Nazwa instytucji, której n kontrolny jest w polu 001
    • NUKAT
005 -DATA I CZAS OSTATNIEJ MODYFIKACJI [,]
    • @
    • pole kontrolne
    • 20241231094642.0
020 -Międzynarod. znormalizowany nr książki - ISBN [ , ]
    • a
    • Numer ISBN
    • 8385428127 Find
040 -Instytucja sporządzająca opis [ , ]
    • a
    • Instytucja, która sporządziła opis (NP)
    • GD PAN/EC
    • b
    • Język katalogowania
    • pol
    • e
    • Zasady katalogowania
    • rda
    • c
    • Instytucja, która sporządziła rekord (NP)
    • GD PAN/EC
    • d
    • Instytucja, która zmodyfikowała rekord (P)
    • GD PAN/KM
    • d
    • Instytucja, która zmodyfikowała rekord (P)
    • GD PAN/JSs
    • d
    • Instytucja, która zmodyfikowała rekord (P)
    • GL 001/FAN
    • d
    • Instytucja, która zmodyfikowała rekord (P)
    • GL 001/FAK
942 -Rodzaj dokumentu [ , ]
    • c
    • Rodzaj dokumentu
    • Książka
100 -Hasło główne - nazwa osobowa [1, ]
    • a
    • Nazwa osobowa (NP)
    • Durlik, Ireneusz
    • d
    • Daty biograficzne (NP)
    • (1931-2023).
    • e
    • Rodzaj współpracy
    • Autor
    • 9
    • KHW
    • 93063
245 -Strefa tytułu i oznaczenia odpowiedzialności [1,0]
    • a
    • Tytuł
    • Inżynieria zarządzania : Find
    • b
    • Ciąg dalszy tytułu (NP)
    • strategia i projektowanie systemów produkcyjnych. Find
    • n
    • Oznaczenie części (P)
    • Cz. 1,
    • p
    • Nazwa części (P)
    • Strategie organizacji i zarządzania produkcją /
    • c
    • Pozostałe elementy strefy tytułu i oznaczenia odpowiedzialności (NP)
    • Ireneusz Durlik.
246 -Wariant tytułu [1,3]
    • a
    • Tytuł (NP)
    • Engineering management :
    • b
    • Ciąg dalszy tytułu (NP)
    • strategies and designing production systems
246 -Wariant tytułu [1,3]
    • a
    • Tytuł (NP)
    • Verwaltungsingenieurie :
    • b
    • Ciąg dalszy tytułu (NP)
    • Strategie und Projektierung der Produktionssysteme
250 -Strefa wydania [ , ]
    • a
    • Oznaczenie wydania (NP)
    • Wydanie V.
260 -Strefa adresu wydawniczego [ , ]
    • a
    • Miejsce wydania (P)
    • Warszawa :
    • b
    • Nazwa wydawcy (P)
    • Placet,
    • c
    • Data wydania (P)
    • 2000.
300 -Strefa opisu fizycznego [ , ]
    • a
    • Określenie formy książki i/lub objętość (NP)
    • 287, [9] stron :
    • b
    • Oznaczenie ilustracji (NP)
    • ilustracje ;
    • c
    • Format (NP)
    • 24 cm.
336 -Typ zawartości [ , ]
    • a
    • Termin opisujący typ zawartości
    • Tekst
    • b
    • Kod określający zawartość
    • txt
    • 2
    • Źródło (terminu i kodu)
    • rdacontent
337 -Typ mediów [ , ]
    • a
    • Tryb odtwarzania
    • Bez urządzenia pośredniczącego
    • b
    • Kod typu mediów
    • n
    • 2
    • Źródło (terminu i kodu)
    • rdamedia
338 -Typ/rodzaj nośnika [ , ]
    • a
    • Hasło opisujące typ nośnika
    • Wolumin
    • b
    • Kod typu nośnika
    • nc
    • 2
    • Źródło (terminu i kodu)
    • rdacarrier
490 -Strefa serii i książki wielotomowej - forma nie do wyszukiwania [1, ]
    • a
    • Tytuł (P)
    • Biblioteka Biznesmena Find
830 -Hasło dodatkowe serii i opisu książki wielotomowej - tytuł ujednolicony/tytuł [ ,0]
    • a
    • Tytuł ujednolicony/tytuł (NP)
    • Biblioteka Biznesmena
    • 9
    • KHW
    • 463
500 -Uwaga ogólna [ , ]
    • a
    • Uwaga ogólna (NP)
    • Słowa kluczowe.
504 -Uwaga dot. bibliogr. załącznikowej [ , ]
    • a
    • Uwaga dot. bibliografii załącznikowej
    • Bibliografia na stronach 288-290.
080 -Uniwersalna Klasyfikacja Dziesiętna [ , ]
    • a
    • Symbol klasyfikacji
    • 65.011(075.8)
080 -Uniwersalna Klasyfikacja Dziesiętna [ , ]
    • a
    • Symbol klasyfikacji
    • :658.5.012.4::66/69(075.8)
650 -Hasło przedmiotowe [ ,7]
    • a
    • Hasło przedmiotowe
    • Produkcja
    • x
    • Określnik rzeczowy
    • planowanie.
    • 2
    • Źródło terminu
    • kaba
    • 9
    • KHW
    • 125994
650 -Hasło przedmiotowe [ ,7]
    • a
    • Hasło przedmiotowe
    • Produkcja
    • x
    • Określnik rzeczowy
    • zarządzanie.
    • 2
    • Źródło terminu
    • kaba
    • 9
    • KHW
    • 125997
710 -Hasło dodatkowe - nazwa ciała zbiorowego [2, ]
    • a
    • Nazwa ciała zbiorowego lub nazwa geograficzna jako pierwszy element (NP)
    • Agencja Wydawniczo-Poligraficzna Placet.
    • e
    • Rodzaj współpracy
    • Wydawca
    • 4
    • Kod relacji
    • pbl
    • 9
    • KHW
    • 64652
920 -ISBN [ , ]
    • a
    • ISBN
    • 83-85428-12-7 Find
Sygnatura Numer inwentarzowy Status udost. Data inwentaryzacji Lokalizacja
 E.67274-22000-08-31BE
 S.8678222000-08-31BE
 S.91361-22004-10-05BE
 S.91362-22004-10-05BE
658GW.6294-32016-02-22GW
T.5674T.5674-32001-08-28T
TM.132TM.132-32002-05-14T
TM.133TM.133-32002-05-14T
TM.134TM.134-32002-05-14T
TM.1895TM.1895-32003-11-24T
TM.2314TM.2314-32004-05-17T
TM.2315TM.2315-32004-05-17T
TM.1894TM.1894-62003-11-24T